Statistics for Closest countries to London

Click here to take the quiz!

General Stats

  • This quiz has been taken 68 times
  • The average score is 9 of 10

Answer Stats

DistanceCountry% Correct
1139kmFrance
100%
2192kmBelgium
98%
5432kmIreland
98%
3240kmNetherlands
98%
7673kmDenmark
97%
4420kmGermany
97%
6450kmLuxembourg
92%
9829kmAustria
91%
8680kmSwitzerland
89%
9811kmItaly
85%

Score Distribution

Percentile by Number Answered

Percent of People with Each Score

Your Score History

You have not taken this quiz